Statistics for Most Police Per Capita

Click here to take the quiz!

General Stats

  • This quiz has been taken 38 times
  • The average score is 14 of 25

Answer Stats

#RateRegionAnswer% Correct
118,354.43EuropeVatican City
80%
18477.94EuropeSerbia
71%
7734.68AmericasDominica
69%
3840.59AmericasGrenada
66%
10521.11EuropeMalta
63%
9653.87EuropeMontenegro
63%
12488.45AmericasBelize
60%
13485.97EuropeCroatia
60%
22452.75EuropeItaly
60%
24441.98AmericasPanama
60%
17479.34AmericasBarbados
57%
5778.35AmericasSaint Vincent and the Grenadines
57%
16482.00AmericasTrinidad and Tobago
57%
6760.49AmericasBahamas
54%
11505.18EuropeGreece
54%
8680.54AmericasUruguay
54%
14485.09AsiaTurkey
51%
21457.05EuropeBosnia and Herzegovina
49%
19474.31AmericasGuyana
49%
15482.06EuropeKosovo
49%
4809.66AmericasArgentina
46%
2948.56AsiaIraq
37%
20468.83EuropeNorth Macedonia
37%
23452.05EuropePortugal
37%
25435.91AfricaAlgeria
14%

Score Distribution

Percentile by Number Answered

Percent of People with Each Score

Your Score History

You have not taken this quiz